000 05114cam a22018734i 4500
003 PE-LiUPU
005 20260218152527.0
008 150706s2011 sp a rb 000 0 spa d
020 _a9788483227718
035 _a(Sirsi) i9788483227718
040 _aPE-LiUPU
_bspa
_cPE-LiUPU
_erda
049 _aPRUA
082 0 4 _a658.3124
_bS56
_221
100 1 _aSimón, Cristina,
_eautor.
245 1 0 _aMedición del capital humano :
_bcómo crear impacto en el negocio desde la práctica de benchmarking /
_cCristina Simón, Pilar Rojo y Elena Molina.
264 1 _aMadrid :
_bPearson Educación,
_c2011.
300 _a251 páginas :
_bilustraciones ;
_c24 centímetros.
336 _atext
_2rdacontent
337 _aunmediated
_2rdamedia
338 _avolume
_2rdacarrier
490 0 _aDonde las grandes ideas encuentran expresión
504 _aIncluye bibliografía.
505 0 _aLa medición como base de decisiones estratégicas sobre el mercado de capital humano -- Creando impacto en el negocio a través del capital humano -- Análisis de las dinámicas del mercado de capital humano -- Eficacia en la gestión del capital humano (I): medición de las prácticas básicas de gestión de personas -- Eficacia en la gestión del capital humano (II): seguimiento del desempeño y desarrollo de los empleados -- Una mirada hacia dentro: organización y recursos para la gestión del capital humano -- Resultados de la gestión de personas: clima, absentismo y rotación como claves del compromiso -- Políticas emergentes en gestión del capital humano: medición y seguimiento -- Un vistazo al proceso: aspectos prácticos de la medición del capital humano a través del benchmarking -- Casos prácticos.
526 _aP203
526 _aP200
526 _aSEG65
526 _aSEG64
526 _aSEG63
526 _aSEG62
526 _aSEG61
526 _aSEG60
526 _aSEG59
526 _aSEG58
526 _aSEG57
526 _aSEG56
526 _aSEG55
526 _aSEG54
526 _aSEG53
526 _aSEG52
526 _aSEG51
526 _aSEG50
526 _aSEG49
526 _aSEG48
526 _aSEG47
526 _aSEG46
526 _aSEG24
526 _aSEG23
526 _aSEG22
526 _aSEG21
526 _aSEG20
526 _aSEG19
526 _aSEG18
526 _aSEG17
526 _aSEG16
526 _aSEG14
526 _aSEG13
526 _aSEG12
526 _aSEG11
526 _aSEG10
526 _aSEG09
526 _aSEG06
526 _aSEG05
526 _aSEG04
526 _aSEG03
526 _aSEG02
526 _aSEG68
526 _aSEG66
526 _aSEG45
526 _aSEG25
526 _aSEG01
526 _aP163
526 _aP162
526 _aP161
526 _aP160
526 _aP159
526 _aP158
526 _aP157
526 _aP156
526 _aP155
526 _aP154
526 _aP153
526 _aP152
526 _aP151
526 _aP150
526 _aP149
526 _aP142
526 _aP141
526 _aP140
526 _aP139
526 _aP138
526 _aP137
526 _aP132
526 _aP131
526 _aP130
526 _aP126
526 _aP125
526 _aP124
526 _aP123
526 _aP115
526 _aP122
526 _aP121
526 _aP116
526 _a P114
526 _aP112
526 _aP111
526 _aP104
526 _aP103
526 _aP102
526 _aP101
526 _aP100
526 _aP96
526 _aP95
526 _aP93
526 _aP92
526 _aP91
526 _aP88
526 _aP83
526 _aP82
526 _aP79
526 _aP78
526 _aP75
526 _aP74
526 _aP71
526 _aP69
526 _a P51
526 _aP49
526 _aP48
526 _aP47
526 _aP33
526 _aP31
526 _a P30
526 _aP29
526 _aP27
526 _aP26
526 _aP25
526 _aP24
526 _a P22
526 _aP10
526 _aP09
526 _a P08
526 _aP06
526 _aP05
526 _aP04
526 _aP01
541 _g045-0003849;
650 0 4 _aCapital humano
_xMediciones.
650 0 4 _aTrabajadores
_xEvaluación.
650 0 0 _aGestión de recursos humanos
_9493
650 0 4 _aAdministración de personal.
_94953
650 0 4 _aCalidad total en administración.
700 1 _aRojo, Pilar,
_eautor.
700 1 _aMolina, Elena,
_eautor.
910 _agl
_clch
_d20120722
942 _2ddc
_cBOOK
949 _a658.3124 S56
_wDEWEY
_c1
_i65114
_lCCODEBUL1
_mBUL
_p29.00
_r0
_sY
_tBOOK
_u2015-7-6
_xFCE
_PP04
_o.STAFF. Colección General
994 _aC0
_bPEPRU
596 _a1
999 _a658.3124 S56
_wDEWEY
_c53765
_i65114
_d53765
_e2019-10-15
_f2021-11-5
_g6
_lCCODEBUL1
_mBUL
_n9
_p29.00
_q3
_r0
_sY
_tBOOK
_u2015-7-6
_xFCE
_PP04
_0COMPRA
_o.STAFF. Colección General
980 _818226
_gJaime Vilcazán Jefe de Análisis Documental